La soif de l'or ! - Statistiques

Statistiques générales
  • Ce quiz a été pris 27 fois
  • Le résultat moyen est 17 sur 20
Statistiques - réponses
Or (tonnes) Pays Continent % Correct
8133,5 Etats-Unis Amérique du Nord
100%
2436,9 France Europe
100%
3352,7 Allemagne Europe
96%
2191,5 Chine Asie
96%
281,6 Espagne Europe
96%
846 Japon Asie
96%
310,3 Royaume-Uni Europe
96%
2332,7 Russie Europe - Asie
96%
800,8 Inde Asie
92%
2451,8 Italie Europe
92%
382,6 Portugal Europe
92%
479 Turquie Europe - Asie
88%
1040 Suisse Europe
83%
323,1 Arabie Saoudite Asie
79%
333,7 Pologne Europe
79%
812,5 Pays-Bas Europe
75%
309,4 Kazakhstan Asie
71%
383,8 Ouzbékistan Asie
71%
423,6 Taiwan Asie
67%
286,8 Liban Asie
46%
Aucun quiz correspondant
Distribution des résultats
% des personnes avec chaque résultat
Percentile par nombre de réponses
Votre historique - résultats
Vous n’avez pas pris ce quiz